Statistiken für Länder mit den wenigsten Internetnutzern

Klicken Sie hier um das Quiz zu spielen!

Allgemein

  • Dieses Quiz wurde 106 mal gespielt
  • Das Durchschnittsergebnis liegt bei 15 aus 25

Antwortstatistiken

PlatzLandAnteil in %Anzahl in Mio.% Korrekt
1.Nordkorea0,1%Warscheinlich nur wenige Regimemitarbeiter
91%
9.Demokratische Republik Kongo8,3%7,01 Mio.
74%
11.Republik Kongo8,7%0,46 Mio.
74%
14.Niger9,8%2,19 Mio.
73%
12.Südsudan9,1%1 Mio.
71%
7.Tschad6,3%0,97 Mio.
71%
21.Mali12,4%2,36 Mio.
70%
3.Somalia2%0,29 Mio.
65%
6.Burundi5,4%0,61 Mio.
62%
2.Eritrea1,9%0,07 Mio.
62%
18.Guinea11,7%1,45 Mio.
62%
5.Zentralafrikanische Republik4,3%0,2 Mio.
62%
4.Guinea-Bissau3,9%0,07 Mio.
60%
8.Liberia7,8%0,38 Mio.
60%
19.Togo12,2%0,96 Mio.
60%
25.Malawi14,1%2,57 Mio.
58%
13.Madagaskar9,5%2,51 Mio.
57%
23.Benin13,7%1,58 Mio.
56%
24.Angola13,9%4,27 Mio.
55%
22.Sierra Leone13,1%1 Mio.
54%
16.Afghanistan10,9%4,07 Mio.
47%
9.Komoren8,3%0,07 Mio.
47%
15.Papua Neu-Guinea10,7%0,92 Mio.
37%
19.Haiti12,2%1,35 Mio.
32%
17.Salomonen11,2%0,07 Mio.
24%

Verteilung der Resultate

Perzentil nach korrekt beantworteten Fragen

Anzahl Personen mit jedem Resultat

Ihre Resultats-Entwicklung

Sie haben dieses Quiz noch nicht gespielt